| 000 | 03051cam a22005654i 4500 | ||
|---|---|---|---|
| 003 | PE-LiUPU | ||
| 005 | 20250731175642.0 | ||
| 008 | 150706s r 000 0 d | ||
| 020 | _a9789708172639 | ||
| 035 | _a(Sirsi) i9789708172639 | ||
| 040 |
_aPE-LiUPU _bspa _cPE-LiUPU _erda |
||
| 049 | _aPRUA | ||
| 082 | 0 | 4 |
_a411 _bZ46 _221 |
| 082 | 0 | 4 |
_a461.4 _bZ43 2008 _221 |
| 100 | 1 |
_aZarzar Charur, Carlos , _eautor. |
|
| 245 | 1 | 0 |
_aOrtografía / _cCarlos Zarzar Charur. |
| 250 | _a1a | ||
| 264 | 1 |
_aMéxico : _bGrupo Cultural Patria, _c2008. |
|
| 300 |
_a251 páginas : _bilustraciones ; _c25 cm. |
||
| 336 |
_atext _2rdacontent |
||
| 337 |
_aunmediated _2rdamedia |
||
| 338 |
_avolume _2rdacarrier |
||
| 500 | _aTercera reimpresión 2012 - pagina legal (ej. 1). | ||
| 504 | _aIncluye bibliografía. | ||
| 505 | 0 | _a¿Tienes problemas con los acentos? -- ¿Tienes problemas con la ortografía? -- ¿Tienes problemas con los homónimos? -- ¿No sabes si van juntas o separadas? -- ¿Tienes problemas con los parónimos? -- ¿Tienes problemas con la puntuación? -- ¿Tienes problemas con la redacción?. | |
| 526 | _aP145 | ||
| 526 | _aP127 | ||
| 526 | _aP97 | ||
| 526 | _aP35 | ||
| 526 | _aP14 | ||
| 526 | _aP07 | ||
| 541 | _g001-0036576; | ||
| 541 | _g001-0035138; | ||
| 541 | _g001-0035138; | ||
| 541 | _g001-00003175; | ||
| 650 | 0 | 4 | _aOrtografía. |
| 910 |
_agl _bjv _cng _d20121212 |
||
| 910 |
_btqv _caic _d20170117 |
||
| 942 |
_2ddc _cBOOK |
||
| 949 |
_a411 Z46 _wDEWEY _c1 _i65951 _lCCODEBUL1 _mBUL _p13.00 _r0 _sY _tBOOK _u2015-7-6 _xFCE _zAGB _o.STAFF. Colección General |
||
| 949 |
_a411 Z46 _wDEWEY _c2 _i66576 _lCCODEBUL1 _mBUL _p14.00 _r0 _sY _tBOOK _u2015-7-6 _xEDUCACION _PP20 _o.STAFF. Colección General |
||
| 949 |
_a411 Z46 _wDEWEY _c3 _i66577 _lCCODEBUL1 _mBUL _p14.00 _r0 _sY _tBOOK _u2015-7-6 _xEDUCACION _PP20 _o.STAFF. Colección General |
||
| 949 |
_a461.4 Z43 2008 _wDEWEY _c1 _iFJ05503 _lCCODEBUJ1 _mBUJ _p13.00 _r0 _sY _tBOOK _u2017-01-17 _xFCE _PP08 _0COMPRA _o.STAFF. Colección General Juliaca |
||
| 994 |
_aC0 _bPEPRU |
||
| 596 | _a1 3 | ||
| 999 |
_a411 Z46 _wDEWEY _c54325 _i65951 _d54325 _e2018-4-25 _f2021-11-8 _g5 _lCCODEBUL1 _mBUL _n4 _p13.00 _q3 _r0 _sY _tBOOK _u2015-7-6 _xEDUCACION _zAGB _0COMPRA _o.STAFF. Colección General |
||
| 999 |
_a411 Z46 _wDEWEY _c2 _i66576 _d2018-4-25 _e2016-5-3 _f2021-11-8 _g5 _lCCODEBUL1 _mBUL _n2 _p14.00 _q1 _r0 _sY _tBOOK _u2015-7-6 _xEDUCACION _PP20 _0COMPRA _o.STAFF. Colección General |
||
| 999 |
_a411 Z46 _wDEWEY _c3 _i66577 _d2018-8-29 _e2018-8-22 _f2021-11-8 _g5 _lCCODEBUL1 _mBUL _n4 _p14.00 _q1 _r0 _sY _tBOOK _u2015-7-6 _xEDUCACION _PP20 _0COMPRA _o.STAFF. Colección General |
||
| 999 |
_a461.4 Z43 2008 _wDEWEY _c1 _iFJ05503 _d2019-3-21 _f2022-1-19 _g4 _lCCODEBUJ1 _mBUJ _p13.00 _q1 _r0 _sY _tBOOK _u2017-1-17 _xFCE _PP08 _0COMPRA _o.STAFF. Colección General Juliaca |
||
| 980 |
_81 _gALBERTO SANCHEZ Responsable de Automatización |
||